Biochemical engineering fundamentals
Uloženo v:
| Hlavní autoři: | , |
|---|---|
| Médium: | Kniha |
| Jazyk: | angličtina |
| Vydáno: |
Tokio
McGraw-Hill Kogakusha
1977
|
| Edice: | Chemical Engineering Series
|
| Témata: | |
| Tagy: |
Přidat tag
Žádné tagy, Buďte první, kdo vytvoří štítek k tomuto záznamu!
|
MARC
| LEADER | 00000nam a2200000 a 4500 | ||
|---|---|---|---|
| 001 | UCU7643 | ||
| 003 | CL-VaPUC | ||
| 008 | 960705e19770000JA |||||||||||||||||eng|d | ||
| 082 | 0 | 4 | |a 660.63 |b BAI |2 21 |
| 100 | 0 | |a Bailey, James Edwin |e author |9 366585 | |
| 700 | 0 | |a Ollis, David F |e author |9 366586 | |
| 245 | 1 | 0 | |a Biochemical engineering fundamentals |
| 300 | |a 753 p | ||
| 942 | |c BK | ||
| 945 | |d 19960705 00:00:00 |a lriquelm | ||
| 260 | |a Tokio |b McGraw-Hill Kogakusha |c 1977 | ||
| 650 | 0 | |a Tecnología química |9 263002 | |
| 650 | 0 | |a Bioquímica |9 259492 | |
| 650 | 0 | |a Cinética |9 260943 | |
| 650 | 0 | |a Enzimas |9 262984 | |
| 650 | 0 | |a Reacciones químicas |9 259438 | |
| 650 | 7 | |a GENETICA BIOQUIMICA |2 CL-VaPUC |9 361159 | |
| 583 | |a last modification |c 19960705 00:00:00 |k Rodrigo Vera | ||
| 490 | 0 | |a Chemical Engineering Series | |
| 999 | |c 250236 |d 250234 | ||
| 952 | |0 0 |1 0 |4 0 |6 660_630000000000000_BAI_1977 |7 0 |8 A |9 268116 |a BIBALI |b BIBALI |c GEN |d 2019-11-19 |i 1974009 |o 660.63 BAI 1977 |p 1974009 |r 2025-01-20 |w 2019-11-19 |y BK |k ALI | ||